zpět

Detail výsledku týmu

Panský dům, Choceň

Datum a čas kvízu

28 Celkem bodů Celkový počet nahraných bodů na tomto kvízu bez doplňovacích otázek.
8. Pořadí na kvízu Konečné umístění týmu na tomto kvízu.

Zaznamenané odpovědi

# Otázka Odpověď Body Výsledky
1. Cretornis hlavaci je vědecké j... Národní muzeum v Praze 0
2. Magnetický nebo také Gravitačn... B 0
3. Roku 1375 byla postavena hlavn... Švédsko 0
4. Ve kterém roce navštívil a při... v roce 1338 0
5. Původ tenisu hledejme u anglic... Choceň 1
6. Turkmenistán je ve světě znám... černá 0
7. Jihokorejská značka Kimhekim s... z vlasů 0
8. Podpis prezidentského slibu je... Miloš Zeman 1
9. Jednou z populárních forem záb... B 0
10. I reality show jsou plné bizár... protože ji pak bolí 1